000 00621nam a2200241Ia 4500
003 OSt
005 20221007063557.0
006 a|||||r|||| 00| 0
007 ta
008 221006b |||||||| |||| 00| 0 eng d
024 _a23,758
037 _cTextual
040 _aFLL
_cFLL
_beng
041 _2eng
_aeng
082 _aZ2:186, G8
100 _aGhosh A.
245 0 _aLaw of endowments (Hindu & Mahomedan)
250 _a2nd
260 _aCalcutta
_bEastern Law House India
_c1938
300 _alxxxviii,1-1340
_ccm.
942 _hZ2:186, G8
_cTEXL
_2CC
999 _c1131593
_d1131593